| 000 | 00595nam a2200241 a 4500 | ||
|---|---|---|---|
| 001 | 13552 | ||
| 003 | BD-JhCC | ||
| 005 | 20240201114703.0 | ||
| 008 | 201014s2022 ii a|||| |||| 000 0 eng d | ||
| 020 | _a9789352764051 | ||
| 035 | _a(BD-JhCC)13552 | ||
| 040 |
_aBD-JhCC _dBD-JhCC |
||
| 041 | _aenglish | ||
| 082 |
_a297.18 _bSAL 2022 |
||
| 100 | _aSalam,Ziya Us | ||
| 245 |
_a365 Tales From Islam / _cZiya Us Salam. |
||
| 260 |
_aIndia : _bOM KIDZ, _c2022. |
||
| 300 |
_a235 p. : _bill; _c26 cm. |
||
| 490 | _a365 | ||
| 650 | _aIslamic stories, English | ||
| 942 |
_2ddc _cBK |
||
| 999 |
_c13552 _d13552 |
||